000 00884nam0a22002651 4500
001 rc\261383
005 20250621025213.0
010 _a5-7464-0601-5
_9415
035 _a(NLR Aleph) 005534304
090 _a5642655
_c5642655
100 _a20030307d1990 |||y0rusy50 ca
101 0 _arus
102 _aRU
105 _aa |||||||||
200 1 _aАналитическая небесная механика
_e[Материалы совещ., 24-27 апр. 1989 г.
_fСост. Загретдинов Р.В.]
210 _aКазань
_cИзд-во Казан. ун-та
_d1990
215 _a100, [1] с.
_cил.
_d20
300 _aРез. докл.: англ.
320 _aБиблиогр. в конце докл.
702 1 _aЗагретдинов
_bР.В.
_4220
801 0 _aRU
_bNLR
_gpsbo
801 1 _aRU
_bELAR
_2rusmarc
852 _aNLR
_j90-3/8836
942 _cBOOK
980 _aNB